<?xml version="1.0" encoding="UTF-8"?>
<record
    xmlns:xsi="http://www.w3.org/2001/XMLSchema-instance"
    xsi:schemaLocation="http://www.loc.gov/MARC21/slim http://www.loc.gov/standards/marcxml/schema/MARC21slim.xsd"
    xmlns="http://www.loc.gov/MARC21/slim">

  <leader>01441cam a2200229   4500500</leader>
  <controlfield tag="005">20260405004010.0</controlfield>
  <datafield tag="041" ind1=" " ind2=" ">
    <subfield code="a">fre</subfield>
  </datafield>
  <datafield tag="042" ind1=" " ind2=" ">
    <subfield code="a">dc</subfield>
  </datafield>
  <datafield tag="100" ind1="1" ind2="0">
    <subfield code="a">Franc, Claude</subfield>
    <subfield code="e">author</subfield>
  </datafield>
  <datafield tag="245" ind1="0" ind2="0">
    <subfield code="a">Histoire militaire. La d&#xE9;fense du territoire&#xA0;&#x2013;&#xA0;1re partie&#xA0;: Avant 1914</subfield>
  </datafield>
  <datafield tag="260" ind1=" " ind2=" ">
    <subfield code="c">2026.
							</subfield>
  </datafield>
  <datafield tag="500" ind1=" " ind2=" ">
    <subfield code="a">64</subfield>
  </datafield>
  <datafield tag="520" ind1=" " ind2=" ">
    <subfield code="a">Le concept de d&#xE9;fense du territoire s&#x2019;est mis en place progressivement &#xE0; partir de la R&#xE9;volution fran&#xE7;aise quand la guerre devient l&#x2019;affaire de la Nation. Ce n&#x2019;est qu&#x2019;apr&#xE8;s la d&#xE9;faite de&#xA0;1871 que l&#x2019;organisation de l&#x2019;arm&#xE9;e est revue dans sa totalit&#xE9; pour r&#xE9;pondre au besoin de prot&#xE9;ger la France face &#xE0; l&#x2019;ennemi allemand, en faisant effort &#xE0; l&#x2019;Est.</subfield>
  </datafield>
  <datafield tag="520" ind1=" " ind2=" ">
    <subfield code="a">The concept of defence of home territory was gradually developed from the time of the French Revolution, when war became a matter for the entire Nation. It was only after the 1871 defeat that the organisation of the army was completely overhauled in order to respond to the need to protect France from the German enemy, by putting effort into the east.</subfield>
  </datafield>
  <datafield tag="690" ind1=" " ind2=" ">
    <subfield code="a">Adolphe Thiers</subfield>
  </datafield>
  <datafield tag="690" ind1=" " ind2=" ">
    <subfield code="a">Napol&#xE9;on III</subfield>
  </datafield>
  <datafield tag="690" ind1=" " ind2=" ">
    <subfield code="a">S&#xE9;r&#xE9; de Rivi&#xE8;res</subfield>
  </datafield>
  <datafield tag="690" ind1=" " ind2=" ">
    <subfield code="a">Territoire fran&#xE7;ais</subfield>
  </datafield>
  <datafield tag="690" ind1=" " ind2=" ">
    <subfield code="a">trou&#xE9;e de Charmes</subfield>
  </datafield>
  <datafield tag="786" ind1="0" ind2=" ">
    <subfield code="n">Revue D&#xE9;fense Nationale | 888 | 3 | 2026-03-03 | p. 114-117 | 2105-7508</subfield>
  </datafield>
  <datafield tag="856" ind1="4" ind2="1">
    <subfield code="u">https://shs.cairn.info/revue-revue-defense-nationale-2026-3-page-114?lang=fr&amp;redirect-ssocas=7080</subfield>
  </datafield>
  <datafield tag="999" ind1=" " ind2=" ">
    <subfield code="c">2072761</subfield>
    <subfield code="d">2072761</subfield>
  </datafield>
</record>
